000 00343pab a2200145 454500
008 180718b1985 xxu||||| |||| 00| 0 eng d
100 _aSandesara, J.C.
245 _aReport on black money
260 _c1985
300 _a1433-7
362 _a24 Aug.
650 _aMoney - India
773 _aEconomic and Political Weekly
909 _a13714
999 _c13714
_d13714